000 00403 a2200157 4500
005 20250509081858.0
020 _a0-07-023531-7
082 _a658.401 GLU
100 _aGLUECK, W. F.
245 _aBusiness Policy and Strategic Management.
250 _a4th Ed
260 _aLondon,
_bMcGraw-Hill,
_c1984.
300 _aXv,875p.: ill.; table
_bIndex
_c23cm.
700 _aJUACH, L. R.
942 _2ddc
_cBKS
999 _c2222
_d2222